1312 1503 1975 1703 1755 1798 1349 1736 1674 1361 1687 1721 1326 1628 1983 1559 1247 1674 1437 1048 1729 1199 1042 1811 1738 1249 1333 1927 1135 1460 1813 1413 1080 1280 1463 1710 1174 1269 1844 1934 1252 1006 1152 1245 1487 1405 1724 1359 1906 1322 1968 1560 1941 1359 1910 1366 1474 1748 1305 1914 1699 1091 1137 1227 1089 1411 1581 1199 1801 1307 1851 1872 1046 1952 1614 1143 1183 1735 1685 1364 1511 1832 1747 1615 1590 1257 1595 1765 1749 1993 1581 1675 1371 1085 1370 1831 1224 1974 1694 BCNSPRNW ULIB Ver.6.0+V

เปลี่ยนเป็นภาษาไทย

Change to English
 แสดงรายละเอียดบรรณานุกรม
  กลับหน้าหลัก

Brief Record : Get Marc (ISO 2709) : E-mail record : QR code < ปิดหน้าต่าง
LEADER : 00000nam 2200000uu 4500
001    13399128244
003     ULIB
008    020711s2565 th a 000 0 tha d
020    ^a9786169385578
050    ^aBF700^bม486ด
100    ^aมาเรือน เอมชาวนา
245    ^aไดอารี ไทม์แมชชีน ย้อนเวลา
250    ^aพิมพ์ครั้งที่ 1
260    ^aเพชรบุรี :^bไรเตอร์โซล,^c2565
300    ^a414 หน้า;^c21 ซม.
650    ^aการพัฒนาตนเอง
650    ^aจิตวิทยาประยุกต์
945    ^p385^l0^i009349
999    ^aประนอม เกษจรัล
รายการนี้ยังไม่มีแท็ก
คุณยังไม่ได้ล็อกอิน คุณสามารถมีกิจกรรมร่วมกับเว็บไซต์ได้ แต่ต้องล็อกอินก่อน ::
  ล็อกอิน

รายการสื่อสารสนเทศ

ลำดับที่ ประเภท เลขเรียก/บาร์โค้ด สถานที่ สถานะ
1. การศึกษาทั่วไป
การศึกษาทั่วไป
BF700 ม486ด ฉ.1 
  Barcode: 009349
ห้องสมุดวิทยาเขตสวรรค์ประชารักษ์
►หนังสือทั่วไป
บนชั้น

รายการใกล้เคียง
    ผู้แต่ง [มาเรือน เอมชาวนา]

    หัวเรื่อง [การพัฒนาตนเอง]
    หัวเรื่อง [จิตวิทยาประยุกต์]

BibComment


ยังไม่เคยถูกคอมเมนท์

คอมเมนท์ทรัพยากรรายการนี้
  คอมเมนท์: ไดอารี ไทม์แมชชี..


 Copyright 2026. Bcnsprnw @Library